Μελέτη της θερμικής συμπεριφοράς του κτιρίου Ξενία : πτυχιακή εργασία : Παπαναστασίου Μαλβίνα
Αποθηκεύτηκε σε:
| Κύριος συγγραφέας: | |
|---|---|
| Συγγραφή απο Οργανισμό/Αρχή: | |
| Άλλοι συγγραφείς: | |
| Μορφή: | Thesis Βιβλίο |
| Γλώσσα: | Greek |
| Δημοσίευση: |
Μυτιλήνη :
Πανεπιστημίο Αιγαίου, Τμήμα Περιβάλλοντος,
2002
|
| Θέματα: | |
| Διαθέσιμο Online: | http://hdl.handle.net/11610/10286 |
| Ετικέτες: |
Προσθήκη ετικέτας
Δεν υπάρχουν, Καταχωρήστε ετικέτα πρώτοι!
|
MARC
| LEADER | 00000cam a2200000 i 4500 | ||
|---|---|---|---|
| 001 | 1/80351 | ||
| 008 | 050708s2002 gre d | ||
| 035 | |l 10079003 | ||
| 040 | |a GR-MY-UA |b gre |e aacr | ||
| 041 | 0 | |a gre | |
| 082 | 0 | |a 720.47 |2 (22) | |
| 100 | 1 | |a Παπαναστασίου, Μαλβίνα. | |
| 245 | 1 | 0 | |a Μελέτη της θερμικής συμπεριφοράς του κτιρίου Ξενία : |b πτυχιακή εργασία : Παπαναστασίου Μαλβίνα / |c υπεύθυνος καθηγητής Δίας Χαραλαμπόπουλος |
| 260 | |a Μυτιλήνη : |b Πανεπιστημίο Αιγαίου, Τμήμα Περιβάλλοντος, |c 2002 | ||
| 300 | |a 100 σ.; |b πιν., διαγρ.; |c 30 εκ. | ||
| 502 | |a Πτυχιακή εργασία – Πανεπιστήμιο Αιγαίου, Λέσβος, 2002. | ||
| 504 | |a Βιβλιογραφία | ||
| 650 | 0 | |a Architecture and energy conservation |z Greece |z Mytilene (Lesbos) | |
| 650 | 0 | |a Buildings |x Energy conservation |z Greece |z Mytilene (Lesbos) | |
| 650 | 0 | 0 | |a Solar buildings |x Design and construction. |
| 650 | 0 | 0 | |a Solar heating. |
| 650 | 0 | 0 | |a Dissertations, Academic |z Greece. |
| 700 | 1 | |a Χαραλαμπόπουλος, Δίας. |4 ths | |
| 710 | 2 | |a Πανεπιστήμιο Αιγαίου. |b Σχολή Περιβάλλοντος. |b Τμήμα Περιβάλλοντος. | |
| 852 | |a INST |b LESVOS |c DIATR |e 20060119 |h 733 |p 005100033557 |q 005100033557 |t DIE |y 23 | ||
| 852 | |a INST |b LESVOS |c DIATR |e 20050708 |h 734 |p 005100033558 |q 005100033558 |t DIE |y 23 | ||
| 856 | |u http://hdl.handle.net/11610/10286 | ||
| 901 | |a BIBL1-2005-2 | ||
| 909 | |a Λ |b 102853 | ||
| 909 | |a Λ |b 102852 | ||
| 924 | |a ΠΑΠΑΝΑΣΤΑΣΙΟΥ |b ΜΑΛΒΙΝΑ |y ΛΕΣΒΟΣ |z 2002-10 | ||
| 970 | |a ΜΑΡΙΝΑΤΟΥ |b ΜΥΡΣΙΝΗ |z 2005/07/08 | ||